书目信息 |
| 题名: |
产后康复与美丽自助
|
|
| 作者: | 欧阳鹏程 主编 | |
| 分册: | ||
| 出版信息: | 上海 第二军医大学出版社 2005 |
|
| 页数: | 108页 | |
| 开本: | 26cm | |
| 丛书名: | 中国儿童素质早教工程专家科学育儿系列 | |
| 单 册: | ||
| 中图分类: | R714.61 | |
| 科图分类: | ||
| 主题词: | 产褥期--妇幼保健 | |
| 电子资源: | ||
| ISBN: | 7-81060-486-4 | |
| 000 | 01315nam0 2200349 450 | |
| 000 | 01278nam0 2200337 450 | |
| 000 | 01275nam0 2200349 450 | |
| 000 | 01221nam0 2200325 450 | |
| 000 | 01239nam0 2200313 450 | |
| 000 | 01202nam0 2200301 45 | |
| 001 | TS-135168 | |
| 005 | 20061209092519.95 | |
| 010 | @a7-81060-486-4@dCNY16.00 | |
| 100 | @a20060829d2005 em y0chiy0110 ea | |
| 101 | 0 | @achi |
| 102 | @aCN@b310000 | |
| 105 | @aa z 000yy | |
| 200 | 1 | @a产后康复与美丽自助@Achan hou kang fu yu mei li zi zhu@f欧阳鹏程主编@FOu Yang Peng Cheng Zhu Bian |
| 210 | @a上海@c第二军医大学出版社@d2005 | |
| 215 | @a108页@c照片,图@d26cm | |
| 225 | 2 | @a中国儿童素质早教工程专家科学育儿系列@i亲亲我的小宝贝 |
| 300 | @a中国十大知名妇儿专家倾情铸就之力作 中国早教网全面在线支持 | |
| 330 | @a本书介绍了产后保健的方法和注意事项。包括月子里怎样修养、怎样吃,哺乳妈咪怎样用药、重塑美胸、重塑美腹、驱走黄褐斑和妊娠纹等保健常识。 | |
| 410 | 0 | @12001 @a亲亲我的小宝贝 |
| 510 | 1 | @aBack in Shape and Pulchritude@zeng |
| 606 | 0 | @a产褥期@y妇幼保健 |
| 690 | @aR714.61@v4 | |
| 701 | 0 | @a欧阳鹏程@Aou yang peng cheng@4主编 |
| 801 | 0 | @aCN@b中图数据@c20061209 |
| 905 | @a10447@dR714.61@e18 | |
| 产后康复与美丽自助/欧阳鹏程主编.-上海:第二军医大学出版社,2005 |
| 108页:照片,图;26cm.-(中国儿童素质早教工程专家科学育儿系列.亲亲我的小宝贝) |
| 中国十大知名妇儿专家倾情铸就之力作 中国早教网全面在线支持 |
| ISBN 7-81060-486-4:CNY16.00 |
| 本书介绍了产后保健的方法和注意事项。包括月子里怎样修养、怎样吃,哺乳妈咪怎样用药、重塑美胸、重塑美腹、驱走黄褐斑和妊娠纹等保健常识。 |
| ● |
| 相关链接 |
|
|
|
|
正题名:产后康复与美丽自助
索取号:R714.61/18
 
预约/预借
| 序号 | 登录号 | 条形码 | 馆藏地/架位号 | 状态 | 备注 |
| 1 | 0618825 | 206188258 | 第二样本阅览室/ [索取号:R714.61/18] | 在馆 | |
| 2 | 0618826 | 206188267 | 第三借阅区/ [索取号:R714.61/18] | 在馆 | |
| 3 | 0618827 | 206188276 | 第三借阅区/ [索取号:R714.61/18] | 在馆 | |
| 4 | 0618828 | 206188285 | 第三借阅区/ [索取号:R714.61/18] | 在馆 | |
| 5 | 0618829 | 206188294 | 第三借阅区/ [索取号:R714.61/18] | 在馆 |